01437nam a2200361Ia 4500001001200000003000800012006001900020007001500039008004100054010001700095020003300112020003500145040002100180035002000201050002600221082001400247245014900261246003000410260006600440300001600506490003600522504005100558533015200609650002800761650002000789655002900809700002000838700002000858710001700878830003700895856012600932999001701058ebr10077289CaPaEBRm u cr cn|||||||||041129s2005 ne sb 001 0 eng d z 2004062311 z1588115968 (hb : alk. paper) z9027232288 (Eur. : alk. paper) aCaPaEBRcCaPaEBR a(OCoLC)7868316114aBF311b.C64455 2005eb04a152.422200aConsciousness & emotionh[electronic resource] :bagency, conscious choice, and selective perception /cedited by Ralph D. Ellis, Natika Newton.3 aConsciousness and emotion aAmsterdam ;aPhiladelphia, PA :bJohn Benjamins Pub.,cc2005. axii, 330 p.1 aConsciousness & emotion ;vv. 1 aIncludes bibliographical references and index. aElectronic reproduction.bPalo Alto, Calif. :cebrary,d2009.nAvailable via World Wide Web.nAccess may be limited to ebrary affiliated libraries. 0aEmotions and cognition. 0aIntentionalism. 7aElectronic books.2local1 aEllis, Ralph D.1 aNewton, Natika.2 aebrary, Inc. 0aConsciousness & emotion ;vv. 1.40uhttp://site.ebrary.com/lib/rucke/Doc?id=10077289zAn electronic book accessible through the World Wide Web; click to view c73317d73317